<?xml version="1.0" encoding="UTF-8"?>
<record
    xmlns:xsi="http://www.w3.org/2001/XMLSchema-instance"
    xsi:schemaLocation="http://www.loc.gov/MARC21/slim http://www.loc.gov/standards/marcxml/schema/MARC21slim.xsd"
    xmlns="http://www.loc.gov/MARC21/slim">

  <leader>01376nam a22002177a 4500</leader>
  <datafield tag="999" ind1=" " ind2=" ">
    <subfield code="c">22144</subfield>
    <subfield code="d">22144</subfield>
  </datafield>
  <controlfield tag="003">AR-CdUCM</controlfield>
  <controlfield tag="008">190429b           ||||| |||| 00| 0 spa d</controlfield>
  <datafield tag="040" ind1=" " ind2=" ">
    <subfield code="a">MUNICIPALIDAD PROVINCIAL DEL CUSCO</subfield>
    <subfield code="c">BIBLIOTECA MUNICIPAL DEL CUSCO</subfield>
  </datafield>
  <datafield tag="082" ind1=" " ind2=" ">
    <subfield code="a">Illapa/N&#xB0;2/2008</subfield>
  </datafield>
  <datafield tag="245" ind1=" " ind2=" ">
    <subfield code="a">Illapa :</subfield>
    <subfield code="b">Revista de la Escuela Superior Aut&#xF3;noma de Bellas Artes Diego Quispe Tito del Cusco /</subfield>
  </datafield>
  <datafield tag="260" ind1=" " ind2=" ">
    <subfield code="a">Cusco.</subfield>
    <subfield code="b">ESABAC,</subfield>
    <subfield code="c">2008.</subfield>
  </datafield>
  <datafield tag="300" ind1=" " ind2=" ">
    <subfield code="a">47 p&#xE1;ginas. :</subfield>
    <subfield code="b">ilustraciones ;</subfield>
    <subfield code="c">25 cm.</subfield>
  </datafield>
  <datafield tag="440" ind1=" " ind2=" ">
    <subfield code="a">Illapa.</subfield>
    <subfield code="n">A&#xF1;o 1, N&#xB0;2, diciembre 2008.</subfield>
    <subfield code="9">47531</subfield>
  </datafield>
  <datafield tag="505" ind1=" " ind2=" ">
    <subfield code="a">Contenido: Persistencia del barroco mestizo en los Andes. Ricardo Scotti. -- Nueva curr&#xED;cula de educaci&#xF3;n art&#xED;stica. Herbert Rodr&#xED;guez. -- Una mirada venezolana al Cusco profundo. V&#xED;ctor M&#xE1;rquez. -- El universo femenino desde una mirada privada. M&#xF3;nica N&#xFA;&#xF1;ez Luis. --  La post-modernidad conceptual. Lawrence Carrasco. -- Arte innovaci&#xF3;n artesanal i dise&#xF1;o. Jos&#xE9; D. Guti&#xE9;rrez. -- La psicolog&#xED;a y el arte. Soraida Pilco. -- La curadur&#xED;a y las artes visuales en el Cusco. Manuel Gibaja. -- Los 3 azotes. Rolando Moreyra. -- La hoja de coca, creencias y valores. Sixto Guevara.</subfield>
  </datafield>
  <datafield tag="650" ind1=" " ind2=" ">
    <subfield code="a">Arte cusque&#xF1;o</subfield>
    <subfield code="9">13165</subfield>
  </datafield>
  <datafield tag="650" ind1=" " ind2=" ">
    <subfield code="a">Artistas cusque&#xF1;os</subfield>
    <subfield code="9">46623</subfield>
  </datafield>
  <datafield tag="650" ind1=" " ind2=" ">
    <subfield code="a">Bellas Artes</subfield>
    <subfield code="9">12670</subfield>
  </datafield>
  <datafield tag="710" ind1=" " ind2=" ">
    <subfield code="a">Escuela Superior Aut&#xF3;noma de Bellas Artes Diego Quispe Tito del Cusco</subfield>
    <subfield code="9">47530</subfield>
  </datafield>
  <datafield tag="942" ind1=" " ind2=" ">
    <subfield code="2">ddc</subfield>
    <subfield code="c">PP</subfield>
  </datafield>
  <datafield tag="945" ind1=" " ind2=" ">
    <subfield code="a">rac</subfield>
  </datafield>
  <datafield tag="952" ind1=" " ind2=" ">
    <subfield code="0">0</subfield>
    <subfield code="2">ddc</subfield>
    <subfield code="4">0</subfield>
    <subfield code="7">0</subfield>
    <subfield code="a">HEM</subfield>
    <subfield code="b">HEM</subfield>
    <subfield code="c">CART</subfield>
    <subfield code="d">2022-03-14</subfield>
    <subfield code="g">5.00</subfield>
    <subfield code="o">Illapa/N&#xB0;2/2008</subfield>
    <subfield code="p">REVC000623</subfield>
    <subfield code="r">2022-03-14</subfield>
    <subfield code="y">PP</subfield>
  </datafield>
</record>
